Loading...
അമീ കവി :ടാഗോർ നിർവചനഞ്ഞൾക്കപ്പുറം
| Main Author: | |
|---|---|
| Other Authors: | |
| Format: | Printed Book |
| Published: |
Kozhikode:
Poorna Publication,
2012.
|
| Subjects: |
| LEADER | 00630nam a22001577a 4500 | ||
|---|---|---|---|
| 020 | |a 9788130014487 | ||
| 082 | |a M 928.T |b ONV/A | ||
| 100 | |a ഒ എൻ വി കുറുപ്പ് | ||
| 245 | |a അമീ കവി :ടാഗോർ നിർവചനഞ്ഞൾക്കപ്പുറം | ||
| 260 | |a Kozhikode: |b Poorna Publication, |c 2012. | ||
| 300 | |a 106p | ||
| 650 | |a ame kavi tagorenirvachananjalkappuram | ||
| 700 | |a o n v Kuruppu | ||
| 942 | |c BK | ||
| 999 | |c 40345 |d 40345 | ||
| 952 | |0 0 |1 0 |4 0 |6 M_928_000000000000000_T_ONVA |7 0 |8 Stack |9 43224 |a KUCL |b KUCL |c Stack |d 2016-07-04 |g 80.00 |l 0 |o M 928.T ONV/A |p 36203 |r 2017-02-14 |w 2016-07-04 |y BK | ||